Cántaro roto

Kaydedildi:
Detaylı Bibliyografya
Yazar: Cháves Quesada, Flory
Materyal Türü: Kitap
Dil:Undetermined
Baskı/Yayın Bilgisi: San José, Costa Rica Guayacán 1994
Konular:
Etiketler: Etiketle
Etiket eklenmemiş, İlk siz ekleyin!

MARC

LEADER 00000nam a2200000Ia 4500
008 170316s9999 xx 000 0 und d
040 |a cru BVZT 
090 |a 868 CH-7c 
100 |a Cháves Quesada, Flory 
245 |a Cántaro roto 
260 |a San José, Costa Rica  |b Guayacán  |c 1994 
300 |a 76 páginas 
650 |a LITERATURA COSTARRICENSE 
942 |c 15 D 
999 |c 10889  |d 10889